Gas conditioning and processing /

Guardado en:
Autor Principal: Campbell, J. M.
Formato: Libro
Idioma:English
Publicado: Norman, Okla : Campbell Petroleum Series, c1976.
Edición:5th ed.
Materias:
Etiquetas: Agregar Etiqueta
Sin Etiquetas, Sea el primero en etiquetar este registro!
LEADER 00967nam a22002055a 4500
001 EIQ.libpla002833
008 070830s1976####xxua##########001#0#eng#d
005 20070830200751.0
245 1 0 |a Gas conditioning and processing /  |c by John M.Campbell. 
250 |a 5th ed. 
260 |a Norman, Okla :  |b Campbell Petroleum Series,  |c c1976. 
300 |a 2 v. :  |b il., tablas, figuras ;  |c 29 cm. 
500 |a Incluye índice. 
505 0 |a vol. 1. Phase behavior, physical properties, energy changes, vessel sizing, Heat transfer and fluid fow -- vol. 2. Absortion and fractionation; pumping, compression and expansion; refrigeration; hydrate inhibition, dehydration and process control. 
100 1 |a Campbell, J. M.  |q (John Morgan) 
650 4 |a Procesos  |x Gas natural. 
650 4 |a Processes  |x Natural gas. 
040 |a AR-BbSID  |b spa  |c AR-BbSID 
859 |a AR-BbSID  |b BIB. PLAPIQUI  |h 665.7  |i C 152  |p 307  |v Vol. 1  |3 Vol. 1 
859 |a AR-BbSID  |b BIB. PLAPIQUI  |h 665.7  |i C 152  |p 308  |v Vol. 2  |3 Vol. 2